000 00815mam a2200301 a 4500
001 2428269
003 OSt
005 20180116183009.0
008 000106s2000 nyu 000 1 eng d
020 _a0385497466 :
_c$27.95
035 _a(OCoLC)54083777
035 _a(OCoLC)ocm54083777
035 _a(NNC)2428269
040 _aWVK
_cWVK
_dOCO
_dKLG
_dJED
_dLEO
_dSVP
_dDPL
082 _a813.54 GRI 2000
090 _aPS3557.R5355
_bB74 2000
092 _a813.54
100 1 _aGrisham, John.
245 1 4 _aThe brethren /
_cJohn Grisham.
260 _aNew York :
_bDoubleday,
_c2000.
300 _a366 p. ;
_c24 cm.
650 0 _aJudges
_vFiction.
650 0 _aPrisoners
_vFiction.
650 0 _aSwindlers and swindling
_vFiction.
655 7 _aLegal stories.
_2gsafd
942 _2ddc
_cBK
999 _c350191
_d350191